[Event "SN-2011-0-00394"]
[Site "LSS email"]
[Date "2011.10.30"]
[Round "?"]
[White "Dittmer, Lutz Michael"]
[Black "Sche, Senda"]
[Result "0-1"]
[WhiteElo "394"]
[BlackElo "1074"]
[PlyCount "40"]
[EventDate "2011.10.20"]
[EventType "tourn (corr)"]
[EventRounds "6"]
[EventCountry "GER"]
[SourceTitle "Telechess CBM 157"]
[Source "ChessBase"]
[SourceDate "2013.11.12"]
[SourceVersion "1"]
[SourceVersionDate "2013.11.12"]
[SourceQuality "1"]

1. d4 d5 2. Nf3 Nc6 3. g3 Bg4 4. h3 Bxf3 5. exf3 e6 6. Bg2 Nge7 7. 0-0 h5 8. Nc3 Qd7 9. Bf4 Nf5 10. Qd3 Nfxd4 11. Rae1 0-0-0 12. Nb5 Nxb5 13. Qxb5 h4 14. Re3 a6 15. Qd3 Bc5 16. Re2 hxg3 17. Bxg3 Nd4 18. Rd2 Nf5 19. Qc3 Nxg3 20. Re1 Qe7 0-1

[Event "ZN-2011-0-01697"]
[Site "LSS email"]
[Date "2011.09.20"]
[Round "?"]
[White "Bezzina, Reno"]
[Black "Sche, Senda"]
[Result "1/2-1/2"]
[WhiteElo "1150"]
[BlackElo "1073"]
[PlyCount "159"]
[EventDate "2011.09.16"]
[EventType "match (corr)"]
[EventRounds "2"]
[EventCountry "GER"]
[SourceTitle "Telechess CBM 149"]
[Source "ChessBase"]
[SourceDate "2012.07.17"]
[SourceVersion "1"]
[SourceVersionDate "2012.07.17"]
[SourceQuality "1"]

1. e4 c5 2. Nf3 d6 3. Bb5+ Bd7 4. Bxd7+ Nxd7 5. 0-0 Ngf6 6. Nc3 e6 7. d3 Be7 8. Bg5 0-0 9. Re1 Ng4 10. Bxe7 Qxe7 11. Qe2 Ndf6 12. e5 Nxe5 13. Nxe5 dxe5 14. Qxe5 Rad8 15. h3 Rfe8 16. Rad1 b6 17. d4 Rxd4 18. Rxd4 cxd4 19. Qxd4 Rd8 20. Qa4 g6 21. Qc4 Kg7 22. Qf4 a6 23. Kf1 Rd7 24. a3 h5 25. Qa4 a5 26. Qb5 Qd8 27. Qe5 Rd2 28. Re3 Rxc2 29. Rf3 Rc1+ 30. Ke2 b5 31. Rf4 Rc2+ 32. Kf1 b4 33. Rd4 Qe7 34. axb4 Rc1+ 35. Ke2 Rc2+ 36. Kf3 axb4 37. Ne4 h4 38. g3 hxg3 39. fxg3 Rc1 40. Ke2 Rc2+ 41. Ke3 Rc1 42. g4 Re1+ 43. Kd2 Rxe4 44. Rxe4 Qd6+ 45. Ke3 Qd5 46. Qxd5 Nxd5+ 47. Kf3 g5 48. Rd4 Kf6 49. Ke4 Ke7 50. Rc4 Kd6 51. Rc8 Kd7 52. Rc4 Kd6 53. Rc8 Kd7 54. Ra8 f6 55. Ra6 Ke7 56. Kd4 Nf4 57. Ra7+ Kd6 58. Rh7 Nd5 59. Ra7 Nf4 60. Rh7 Nd5 61. b3 Nf4 62. h4 gxh4 63. Rxh4 Nd5 64. Rh6 Ke7 65. g5 fxg5 66. Ke5 Nf4 67. Rh7+ Kf8 68. Rb7 Nd3+ 69. Kf6 Ke8 70. Re7+ Kd8 71. Rxe6 Nc5 72. Re3 Kc7 73. Kxg5 Kc6 74. Kg4 Kd5 75. Kf4 Ne6+ 76. Rxe6 Kxe6 77. Ke4 Kd6 78. Kd4 Kc6 79. Kc4 Kb7 80. Kc5 1/2-1/2

[Event "OP-2011-0-01778"]
[Site "LSS email"]
[Date "2011.09.20"]
[Round "?"]
[White "Venturas, Bob"]
[Black "Sche, Senda"]
[Result "0-1"]
[WhiteElo "716"]
[BlackElo "1073"]
[PlyCount "40"]
[EventDate "2011.09.14"]
[EventType "tourn (corr)"]
[EventRounds "4"]
[EventCountry "GER"]
[SourceTitle "Telechess CBM 151"]
[Source "ChessBase"]
[SourceDate "2012.11.13"]
[SourceVersion "1"]
[SourceVersionDate "2012.11.13"]
[SourceQuality "1"]

1. e4 c5 2. c4 g6 3. d4 cxd4 4. Qxd4 Nf6 5. Bd2 d6 6. Nc3 Bg7 7. Qe3 0-0 8. Bd3 Ng4 9. Qf3 Nc6 10. h3 Nge5 11. Qe2 Qb6 12. b3 Nxd3+ 13. Qxd3 Nb4 14. Qb1 f5 15. Na4 Qd4 16. Bc3 Nd3+ 17. Kd2 Bh6+ 18. Kc2 Qxf2+ 19. Kxd3 fxe4+ 20. Kxe4 Qe3+ 0-1